000
00339nam a2200145Ia 4500
008
150201s2004 xx 000 0 und d
082
_a
617.96
_b
H2004M
100
_a
MALAMED
245
_a
HANDBOOK OF LOCAL ANESTHESIA
250
_a
5TH
260
_b
MOSBY
_a
DELHI
_c
2004
300
_a
1-400
650
_a
ORAL SURGERY
942
_2
ddc
_c
BK
_0
6
999
_c
3071
_d
3071